000 00409nam a22001697a 4500
005 20180411145538.0
008 160613b xxu||||| |||| 00| 0 eng d
020 _a81-7188-302-8
041 _aeng
082 _b7267
_a338.954
100 _aGupta, S.P.
_94263
245 _aIndia Vision 2020
260 _aNew Delhi
_bAcademic Foundation,
_c2003
300 _a254
650 _aManagement
_9241
942 _cBK
999 _c2532
_d2531